France - Les principales routes nationales 1 à 149 - Statistiques

Statistiques générales
  • Ce quiz a été pris 124 fois
    53 depuis la dernière actualisation
  • Le résultat moyen est 11 sur 26
Statistiques - réponses
Question Réponse % Correct
La RN 1 traverse Les Hauts-de-France et l'Ile de France
84%
La RN 4 traverse Le Grand-Est et l'Ile-de-France
81%
La RN 7 traverse la Bourgogne-Franche-Comté et PACA
75%
La RN 10 traverse la Nouvelle-Aquitaine, le Centre-Val-de-Loire et l'Ile-de-France
75%
La RN 2 traverse Les Hauts-de-France et l'Ile de France
66%
La RN 13 traverse la Normandie et l'Ile-de-France
63%
La RN 3 traverse Le Grand-Est et l'Ile-de-France
59%
La RN 12 traverse L'Ile-de-France, le Centre-Val-de-Loire, la Normandie,la Bretagne et Les Pays-de-la-Loire
50%
La RN 6 traverse L'Ile-de-France, la Bougogne-Franche-Comté et l'Auvergne-Rhône-Alpes
47%
La RN 79 traverse La Bourgogne-Franche-Comté et l'Auvergne-Rhône-Alpes
44%
La RN 17 traverse Les Hauts-de-France et l'Ile de France
44%
La RN 57 traverse La Bourgogne-Franche-Comté et le Grand-Est
41%
La RN 88 traverse Occitanie et Auvergne-Rhône-Alpes
38%
La RN 89 traverse La Nouvelle-Aquitaine et Auvergne-Rhône-Alpes
34%
La RN 137 traverse Les Pays-de-la-Loire et la Bretagne
31%
La RN 77 traverse La Bourgogne-Franche-Comté et le Grand-Est
28%
La RN 145 traverse La Nouvelle-Aquitaine et Auvergne-Rhône-Alpes
28%
La RN 19 traverse L'Ile-de-France, la Bougogne-Franche-Comté et le Grand-Est
28%
La RN 85 traverse PACA et Auvergne-Rhône-Alpes
28%
La RN 100 traverse PACA et Occitanie
28%
La RN 149 traverse Les Pays-de-la-Loire et la Nouvelle-Aquitaine
25%
La RN 21 traverse L'Occitanie et la Nouvelle-Aquitaine
25%
La RN 113 traverse PACA et Occitanie
25%
La RN 31 traverse Le Grand-Est, la Normandie et les Hauts-de-France
19%
La RN 122 traverse Occitanie et Auvergne-Rhône-Alpes
13%
La RN 86 traverse PACA et Occitanie
13%
Aucun quiz correspondant
Distribution des résultats
% des personnes avec chaque résultat
Percentile par nombre de réponses
Votre historique - résultats
Vous n’avez pas pris ce quiz depuis la dernière actualisation